| 000 | 00336nam a2200133Ia 4500 | ||
|---|---|---|---|
| 008 | 210210b1984 xxu||||| |||| 00| 0 eng d | ||
| 082 | _a301 SENI | ||
| 100 | _aSENGUPTA (Surajit). | ||
| 245 | _aIntroductory sociology. | ||
| 260 |
_aCalcutta _bNew Central Book Agency _c1984 |
||
| 300 | _a228,iv | ||
| 690 | _aSociology | ||
| 906 | _a046582 | ||
| 999 |
_c95649 _d95649 |
||